Técnicas de individualización didáctica: adecuaciones curriculares individualizadas, ACI, para alumnos con necesidades educativas especiales

Sparad:
Bibliografiska uppgifter
Huvudupphovsman: Ruiz i Bel, Robert (Författare, medförfattare)
Materialtyp: Bok
Språk:spanska
Publicerad: Madrid Cincel 1988
Serie:Educación y Futuro. Monografías para la Reforma,4
Ämnen:
Taggar: Lägg till en tagg
Inga taggar, Lägg till första taggen!

MARC

LEADER 00000nam a2200000 a 4500
001 UCL0861
003 CL-VaPUC
008 030825e19880000SP |||||||||||||||||spa|d
020 |a 8470464663 
082 0 4 |a 371.9  |b RUI  |2 21 
100 0 |a Ruiz i Bel, Robert  |e author  |9 477585 
245 1 0 |a Técnicas de individualización didáctica: adecuaciones curriculares individualizadas, ACI, para alumnos con necesidades educativas especiales 
300 |a 174 p 
942 |c BK 
945 |d 20030825 00:00:00  |a cmena 
260 |a Madrid  |b Cincel  |c 1988 
650 0 |a Educación especial  |9 307486 
650 0 |a Planificación del currículo  |9 269599 
583 |a last modification  |c 20030825 00:00:00  |k Rodrigo Vera 
490 0 |a Educación y Futuro. Monografías para la Reforma,4 
999 |c 304587  |d 304585 
952 |0 0  |1 0  |4 0  |6 371_900000000000000_RUI_1988  |7 0  |8 A  |9 367036  |a BIBEDU  |b BIBEDU  |c ES_NOD  |d 2019-11-21  |i 3932575  |o 371.9 RUI 1988  |p 3932575  |r 2023-08-09  |w 2019-11-21  |y BK  |k EPE 
952 |0 0  |1 0  |4 0  |6 371_900000000000000_RUI_1988  |7 0  |8 A  |9 367037  |a BIBEDU  |b BIBEDU  |c ES_NOD  |d 2019-11-21  |i 4032942  |o 371.9 RUI 1988  |p 4032942  |r 2023-08-09  |w 2019-11-21  |y BK  |k EBA